000 00712naa a2200217 4500
005 20250603103627.0
010 _aENG-145130
020 _a9780195668049
_c285.00
035 _aEN-128662
037 _bDBAD
082 _232
_a808.0666
100 _aRaman, Meenakshi
_981564
245 1 _aTechnical Communication:
_cMeenakshi Raman [and] Sangeeta Sharma
_bPrinciples and Practice/
250 _a32
260 _aNew Delhi
_bOxford University Press
_c2010
270 _aYMCA library Building, Jai Singh Road,
_bNew Delhi
_e110001
300 _aviii, 599p.
_c24cm(pb)
500 _aIncludes index
700 _aSharma, Sangeeta
_930005
_eAuthor
942 _adpl
_cEN
_2ddc
_mRAM
_h808.0666
999 _c211521
_d211521